00590nam a22001937a 450000500170000000800410001702000300005804000190008804100120010708200130011910000220013224500630015426000460021730000190026350400500028265000140033265000250034685000250037120240516140051.0240516b |||||||| |||| 00| 0 eng d a9780674005822cRs.1894.69 aLoreto College aEnglish a153bTOM aTomasello,Michael aThe cultural origins of human cognitioncMichael Tomasello aCambridgebHarvard University Pressc1999 avii,248pb22cm aIncludes bibliographical references and index aCognition aCognitive psychology aLCLIBbPsychology PG